Breathing Room / (Record no. 363439)
[ view plain ]
| 000 -LEADER | |
|---|---|
| fixed length control field | 00402nam a2200169Ia 4500 |
| 008 - FIXED-LENGTH DATA ELEMENTS--GENERAL INFORMATION | |
| fixed length control field | 200601s9999 xx 000 0 und d |
| 020 ## - INTERNATIONAL STANDARD BOOK NUMBER | |
| International Standard Book Number | 0-06-103209-3 |
| 050 ## - LIBRARY OF CONGRESS CALL NUMBER | |
| Classification number | FIC P53b |
| 050 ## - LIBRARY OF CONGRESS CALL NUMBER | |
| Item number | 2002 |
| 100 ## - MAIN ENTRY--PERSONAL NAME | |
| Personal name | Philips, Susan Elizabeth |
| 245 #0 - TITLE STATEMENT | |
| Title | Breathing Room / |
| 245 #0 - TITLE STATEMENT | |
| Statement of responsibility, etc | Susan Elizabeth Philips. |
| 260 ## - PUBLICATION, DISTRIBUTION, ETC. (IMPRINT) | |
| Place of publication, distribution, etc | New York: |
| 260 ## - PUBLICATION, DISTRIBUTION, ETC. (IMPRINT) | |
| Name of publisher, distributor, etc | Avon Books |
| 260 ## - PUBLICATION, DISTRIBUTION, ETC. (IMPRINT) | |
| Date of publication, distribution, etc | 2002 |
| 300 ## - PHYSICAL DESCRIPTION | |
| Extent | 389pages : |
No items available.